000 00959nam a2200253 c 4500
001 122208
003 ES-SlBCS
005 20210327224203.0
008 150828s2015 sp a | |||| 000 0 spa
015 _aMON1509
017 _aM 1501-2015
_bOficina Depósito Legal Madrid
020 _a9788484405931
040 _aSpMaBN
_bspa
_cSpMaBN
_erdc
_dES-SlBCS
245 0 0 _a"¿Qué has hecho con tu hermano?" (Gn 4,9)
_b: corre el riesgo del encuentro con el otro : Cuaresma y Pascua 2015
_c[escriben, Francisco Maya Maya (coordinador) ... et al.]
260 _aMadrid :
_bCáritas Española
_c, 2015
300 _a365 p. :
_bmús. ;
_c21 cm
336 _aTexto (visual)
_2isbdcontent
337 _asin mediación
_2isbdmedia
504 _aIncluye referencias bibliográficas
650 4 _aCuaresma
_xLiturgia
_988233
650 4 _aPascua
_xLiturgia
_9110460
700 1 _aMaya Maya, Francisco
_d1953-
_eautor
_edirector de la publicación
_91119
942 _2lcc
_cBK
999 _c472303
_d472303